Traité des cloches et de la sainteté de l' offrande du pain et du vin...

Detalles Bibliográficos
Autor principal: THIERS, Juan Bautista
Formato: Libro
Publicado: París 1781
Materias:
Colección:Banco de datos
Acervo:Biblioteca Nacional de Antropología e Historia. Fondo Conventual
Tema general:Liturgia
Notas:Regular. XIX, 8, 13
LEADER 00661nam a22001930004500
035 |a 8454 
036 |a 3059 
100 1 |a THIERS, Juan Bautista 
245 1 0 |a Traité des cloches et de la sainteté de l' offrande du pain et du vin... 
260 |a París  |b Imp. Benito Marín  |c 1781 
500 |a Regular. XIX, 8, 13 
650 1 0 |a Liturgia 
949 |a B.N.A.H. 
959 |a Biblioteca Nacional de Antropología e Historia. Ciudad de México  |b CCC1 
960 |a Seminario de Morelia  |b DD56 
961 |a Casa de formación del Clero Secular  |b CS 
942 |c B.N.A.H. 
943 |g Biblioteca Nacional de Antropología e Historia. Fondo Conventual 
999 |c 1032986  |d 1032986